VoLTE szolgáltatás kiépítésének és bevezetésének gazdasági és társadalmi tényezői

Bibliographic Details
Main Author: Németi József
Other Authors: Sipos Dr Marianna
Format: Thesis
Kulcsszavak:VoLTE
Telenor
VoLTE szolgáltatás
Online Access:http://dolgozattar.uni-bge.hu/11581

MARC

LEADER 00000nta a2200000 i 4500
001 dolg11581
005 20170516132540.0
008 170516suuuu hu om 000 hun d
040 |a BGE Dolgozattár Repozitórium  |b hun 
041 |a hu 
100 1 |a Németi József 
245 1 0 |a VoLTE szolgáltatás kiépítésének és bevezetésének gazdasági és társadalmi tényezői  |c Németi József  |h [elektronikus dokumentum] 
695 |a VoLTE 
695 |a Telenor 
695 |a VoLTE szolgáltatás 
700 1 |a Sipos Dr Marianna  |e ths 
856 4 0 |u http://dolgozattar.uni-bge.hu/11581/1/Szakdolgozat.pdf  |z Dokumentum-elérés